| 000 | 00496nam a22001937a 4500 | ||
|---|---|---|---|
| 999 |
_c124641 _d124641 |
||
| 005 | 20211111093001.0 | ||
| 008 | 211111b ||||| |||| 00| 0 eng d | ||
| 020 | _a9780702073298 | ||
| 040 | _cPK-LaUMT | ||
| 082 |
_a615.1 _bCLI- |
||
| 245 |
_aClinical pharmacology / _cby Morris J. Brown . . . [et al.] |
||
| 250 | _a12th ed. | ||
| 260 |
_aEdinburgh : _bElsevier, _c2019 |
||
| 300 | _a706 p. | ||
| 650 | _aClinical pharmacology | ||
| 650 | _aInfection | ||
| 650 | _aFungal | ||
| 942 | _cBK | ||